LEADER 01349nam a2200289 i 4500 001 000000047267 003 CaOOAMICUS 005 20040409000000.0 008 040409s1995 it u000 u ita u 013 $a18437 040 $aSeMil$bita 245 12$aI russi e l'Italia /$ca cura di Vittorio Strada. 260 $aMilano :$bLibri Scheiwiller,$c1995. 260 $a[Italia] :$bBanco Ambrosiano Veneto,$c1995. 300 $a349 p. :$briccamente ill. ;$c29 cm. 490 0 $aPresenze straniere nella vita e nella storia d'Italia ;$v3 500 $aContiene : Fonti iconografiche. - In custodia. 650 4$aItalia e Russia - Relazioni culturali - Sec. 18.-20.$0(OLS)http://semarc/subject/9987 650 4$aRussia - Cultura - Sec. 18.-20.$0(OLS)http://semarc/subject/9988 700 1 $aStrada, Vittorio <1929->.$0(OLS)http://semarc/name/17542 830 0$aPresenze straniere nella vita e nella storia d'Italia ;$v3.$0(OLS)http://semarc/title/443 850 $aSeMil 852 $aSeMil$W1$xVenegono$y1$m5I XII 54$j13422$B13422$CSeMilBibl$Z2$F13422 $81 961 $aOmaggio: Ferrario mons. Emilio 996 $6245$aI russi e l'Italia$9(OLS)http://semarc/title/71139 996 $6260$a[Italia] :$bBanco Ambrosiano Veneto$9(OLS)http://semarc/publisher/29790 996 $6260$aMilano :$bLibri Scheiwiller$9(OLS)http://semarc/publisher/29791 LEADER 00963nam a2200229 i 4500 001 000000201724 003 CaOOAMICUS 005 20110504000000.0 008 110504n it u000 u ita u 013 $a180430 040 $aSeMil$bita 110 2 $aCamaldolesi$c.$0(OLS)http://semarc/name/1201 245 10$aCostituzioni e dichiarazioni alla regola di S. Benedetto /$cMonaci Eremiti Camaldolesi. 260 $a[S.l. :$bs.n.],$c[1972] 300 $a99 p. ;$c23 cm. 500 $aA pič del front. : Capitolo gen. straordinario. - Pro manuscripto. 650 4$aCamaldolesi - Regole e Costituzioni.$0(OLS)http://semarc/subject/37888 850 $aSeMil 852 $aSeMil$W1$xVenegono$y1$m3F III 855$j243395$B152250$CSeMilBibl$Z2$F166815 $81 961 $aOmaggio: Altro 996 $6245$aCostituzioni e dichiarazioni alla regola di S. Benedetto$9(OLS)http://semarc/title/291961 996 $6260$a[S.l. :$bs.n.]$9(OLS)http://semarc/publisher/29751